000 01060nam a2200277 4500
003 EC-UNACH
005 20260218130945.0
006 s||||gr|||| 00| 00
008 150116t9999 mx r gr 000 0 spa d
020 _a978-3-9818987-7-4
040 _aEC-UNACH
_cEC-UNACH
041 _aspa
082 0 4 _223
_a361.61
_bL018605
100 _aWenke, Christoph
245 _aCiudades solidarias en Europa
250 _aEdición extendida
264 _aBerlín - Alemania
_bRosa-Luxemburg-Stiftung
_c2019
300 _a128 páginas
501 _aincluye contenido
505 _aCiudades solidarias en Europa -- Ciudades solidarias en construcción -- Ciudadanía regional y el documento de identidad municipal -- Ciudad de migración y refugio -- Solidaridad contra el vuelco a la derecha -- Excurso: Las ambivalencias de una ciudad refugio -- Excurso: Solidaridad en la base.
700 _aNeumann, Mario
_eAutor
942 _2ddc
_c1
999 _c14363